Jugadores de laliga ranodom - Estadísticas

Estadísticas generales
  • Esta prueba ha sido intentada 131 veces
  • La puntuación promedio es 10 de 16
Estadísticas de respuestas
Imagen Respuesta % Correcto
guedes
96%
asenjo
92%
wass
92%
sisto
90%
inui
87%
bardhi
82%
emre mor
82%
loren moron
78%
campaña
69%
clerc
57%
alessandrini
50%
ontiveros
42%
ximo navarro
41%
miramon
35%
radoja
34%
sofian chakla
8%
No se encontraron pruebas coincidentes
Distribución de puntuación
Porcentaje de gente con cada puntuación
Porcentaje por número respondido
Historial de tus puntuaciones
No has intentado esta prueba.